|
|
|
|
| LEADER |
00000nas a2200000 a 4500 |
| 001 |
ssj0005272 |
| 003 |
WaSeSS |
| 005 |
20200512172242.0 |
| 006 |
m d |
| 007 |
cr n |
| 008 |
990629c19839999enkqr pss 0 a0eng c |
| 010 |
|
|
|a 2002238788
|
| 015 |
|
|
|a GBB3A8083
|2 bnb
|
| 016 |
7 |
|
|a 012434288
|2 Uk
|
| 022 |
|
|
|a 2054-166X
|y 0737-8831
|
| 035 |
|
|
|a (WaSeSS)ssj0005272
|
| 037 |
|
|
|b MCB University Press Limited, 60/62 Toller Lane, Bradford, West Yorkshire, England BD8 9BY
|
| 040 |
|
|
|a VTU
|b eng
|e pn
|c VTU
|d OCLCQ
|d IUL
|d OCLCQ
|d F#A
|d OCLCQ
|d OCLCO
|d OCLCQ
|d DLC
|d OCLCF
|d OCLCO
|d OCLCQ
|d DLC
|d NLE
|d UKMGB
|d VT2
|d WaSeSS
|
| 042 |
|
|
|a pcc
|
| 050 |
0 |
0 |
|a Z671
|
| 082 |
0 |
4 |
|a 020
|
| 130 |
0 |
|
|a Library hi tech (Online)
|
| 245 |
1 |
0 |
|a Library hi tech
|h [electronic resource].
|
| 246 |
3 |
0 |
|a Library hitech
|
| 260 |
|
|
|a Bradford, England :
|b MCB University Press,
|c 1983-
|
| 310 |
|
|
|a 4 no. a year
|
| 362 |
1 |
|
|a Began Vol. 1, issue 1 (1983).
|
| 506 |
|
|
|a License restrictions may limit access.
|
| 515 |
|
|
|a Some issues combined.
|
| 538 |
|
|
|a Mode of access: World Wide Web.
|
| 588 |
|
|
|a Description based on: Vol. 1, issue 1 (1983); title from introductory page, viewed Aug. 6, 2002.
|
| 588 |
|
|
|a Latest issue consulted: Vol. 35, issue 1 (2017) (Emerald Insight website, viewed Feb. 22, 2017).
|
| 650 |
|
0 |
|a Library science
|x Technological innovations
|v Periodicals.
|
| 650 |
|
0 |
|a Libraries
|x Automation
|v Periodicals.
|
| 650 |
|
0 |
|a Information science
|v Periodicals.
|
| 650 |
|
7 |
|a Information science.
|2 fast
|0 (OCoLC)fst00972640
|
| 650 |
|
7 |
|a Libraries
|x Automation.
|2 fast
|0 (OCoLC)fst00997347
|
| 650 |
|
7 |
|a Library science
|x Technological innovations.
|2 fast
|0 (OCoLC)fst00997978
|
| 655 |
|
0 |
|a Electronic journals.
|
| 710 |
2 |
|
|a MCB University Press.
|
| 776 |
0 |
8 |
|i Also issued in print:
|t Library hi tech
|x 0737-8831
|w (DLC) 83645580
|w (OCoLC)9477925
|
| 850 |
|
|
|a DLC
|
| 853 |
2 |
0 |
|8 1
|a v.
|b no.
|u 4
|v r
|i (year)
|w 4
|
| 856 |
4 |
0 |
|z Full text available from Research Library: 01/01/1998 to 1 year ago
|u https://search.proquest.com/publication/38076
|
| 863 |
4 |
1 |
|8 1.1
|a 16
|b 1
|i 1998
|